| 000 | 00845nam a2200253 i 4500 | ||
|---|---|---|---|
| 003 | DO-SdBNP | ||
| 005 | 20240520083741.0 | ||
| 006 | a||||gr|||| 00| 0 | ||
| 007 | ta | ||
| 008 | 240517e1981 dr ||||| |||| 00| 0 spa d | ||
| 040 |
_aDO-SdBNP _bspa _cBNPHU _erda |
||
| 082 | 4 |
_222 _bB672s |
|
| 100 | 1 |
_aBoersner, Demetrio _932090 _eautor |
|
| 245 | 1 | 3 |
_aEl socialismo democrático en la América Latina de hoy / _cDemetrio Boersmer. |
| 264 | 1 |
_aSanto Domingo : _bDeaprtamento Nacional de Organización, _c1981 |
|
| 300 |
_a24 páginas ; _c21 cm. |
||
| 336 |
_2rdacontent _atexto _btxt |
||
| 337 |
_2rdamedia _asin mediación _bn |
||
| 338 |
_2rdacarrier _avolumen _bnc |
||
| 500 | _aIncluye datos biográficos del autor en la página 4. | ||
| 590 | _aInventariado 2024 / MF | ||
| 710 | 2 |
_aPartido Revolucionario Dominicano _95214 |
|
| 942 |
_2ddc _cLF2 |
||
| 999 |
_c56693 _d56693 |
||